Romeo- Conan Gray (Lyrics) - Statistics

General Stats
  • This quiz has been taken 46 times
  • The average score is 375 of 409
Answer Stats
Part Lyrics % Correct
a
100%
back
100%
Pre-Chorus | Verse 1 I
100%
know
100%
never
100%
Verse 2 Never
100%
no
100%
no)
100%
on
100%
Romeo
100%
Romeo)
100%
to
100%
you
100%
Pre-Chorus You
100%
but
96%
for
96%
gonna
96%
got
96%
hope
96%
I'm
96%
in
96%
it
96%
laugh
96%
makes
96%
me
96%
my
96%
now
96%
only
96%
the
96%
want
96%
with
96%
With
96%
your
96%
Your
96%
You're
96%
(You're
96%
all
93%
and
93%
did
93%
(Do
93%
don't
93%
free
93%
friends
93%
lips
93%
love
93%
put
93%
so
93%
Chorus So
93%
summer
93%
that
93%
then
93%
was
93%
who
93%
away
89%
day
89%
dumped
89%
Even
89%
experiment
89%
gotta
89%
Guess
89%
like
89%
live
89%
out
89%
pray
89%
prayin'
89%
selfish
89%
Spendin'
89%
took
89%
treatin'
89%
way
89%
why
89%
worst
89%
you've
89%
You've
89%
better
85%
could
85%
damn
85%
drank
85%
from
85%
(Fuck)
85%
Fuck
85%
get
85%
grave
85%
guy
85%
just
85%
liked
85%
Lookin'
85%
mouth
85%
much
85%
of
85%
stone
85%
swapped
85%
that's
85%
treated
85%
wait
85%
waitin'
85%
wanna
85%
went
85%
what?
85%
what
85%
Bridge Where
85%
will
85%
actor
81%
breath
81%
cigarettes
81%
drunken
81%
girls
81%
her
81%
into
81%
kissin'
81%
pain
81%
poison
81%
said
81%
around
78%
carry
78%
else
78%
figure
78%
hometown
78%
ribs
78%
shit
78%
someone
78%
alone
74%
art
74%
can't
74%
draggin'
74%
listened
74%
man
74%
thou?
74%
up
74%
wish
74%
blade
70%
by
70%
fix
70%
shame
70%
side
70%
egoist
67%
sittin'
67%
if
63%
you'll
63%
'bout
59%
care
59%
arms
56%
losin'
56%
(Sick)
56%
bit?)
33%
mind
33%
sorry
33%
talk
33%
No matching quizzes found
Score Distribution
Percent of People with Each Score
Percentile by Number Answered
Your Score History
You have not taken this quiz